| 000 | 00621cam a22002291 4500 | ||
|---|---|---|---|
| 001 | ca 21000187 | ||
| 003 | DLC | ||
| 005 | 20260227111109.0 | ||
| 008 | 810428s1920 mauah 000 0 eng | ||
| 010 | _aca 21000187 | ||
| 035 | _a(OCoLC)16763363 | ||
| 040 |
_aDLC _cOrPS _dDLC |
||
| 042 | _apremarc | ||
| 050 | 0 | 0 |
_aZ247 _b.W290 |
| 110 | 2 | _aS.D. Warren Company. | |
| 245 | 1 | 0 | _aBetter paper--better printing; |
| 260 |
_aBoston, _bS. D. Warren company, _c1920. |
||
| 300 |
_a[16] p. _billus. (incl. facsims.) _c32 x 25 cm. |
||
| 650 | 0 | _aPaper. | |
| 650 | 0 | _aIllustration of books. | |
| 740 | 0 | _aWarren's olde style. | |
| 999 |
_c15537 _d15537 |
||